000 00490nam a22001337a 4500
005 20241015085627.0
008 241015b |||||||| |||| 00| 0 eng d
100 _aEdelen, Jennifer.
_eauthor.
_962905
245 _aCreating successful learners through arts integration /
_cJennifer Edelen.
260 _aWashington;
_bTaylor & Francis Group,
_cSeptember-October 2020.
300 _aVolume 96, pages 44-51,
_billustration.
700 _aEdelen, Jennifer.
_eauthor.
_962904
942 _2ddc
_cPER
999 _c22544
_d22544